| 000 | 00695nam a22002177a 4500 | ||
|---|---|---|---|
| 008 | 161026b xxu||||| |||| 00| 0 eng d | ||
| 020 | _a0064950190 | ||
| 020 | _a9780064950190 | ||
| 020 | _a 0064950204 | ||
| 020 | _a9780064950206 | ||
| 050 | _aPR 2981 .M85 1975 | ||
| 100 | _a Muir, Kenneth | ||
| 245 |
_aShakespeare's comic sequence/ _cKenneth Muir. |
||
| 260 |
_aNew York : _b Barnes & Noble Books, _c1979. |
||
| 300 |
_avii, 215p. : _c22cm. |
||
| 500 | _aInclude index. | ||
| 650 |
_a Shakespeare, William, _x1564-1616 _yComedies. |
||
| 650 |
_a Shakespeare, William, _x1564-1616. |
||
| 650 | _a Humorous plays. | ||
| 942 |
_2lcc _cBOOKS _hPR 2981 .M85 1975 |
||
| 999 |
_c15163 _d15163 |
||